[Event "Fast and Furious iv"]
[Site "SchemingMind.com"]
[Date "2015.03.28"]
[Round "-"]
[White "AlwaysInTears"]
[Black "Phillip Beckett"]
[Result "1-0"]
[WhiteCountry "RSA"]
[BlackCountry "ENG"]
[WhiteElo "1839"]
[WhiteRD "147"]
[BlackElo "1566"]
[BlackRD "46"]
[GameID "377363"]

1. e4 e5 2. f4 Qh4+ 3. g3 Qe7 4. fxe5 d6 5. Nc3 dxe5 6. Nf3 c6 7. d4 exd4 8. Qxd4 Bg4 9. Ne5 Be6 10. Be3 Nd7
11. Nxd7 Qxd7 12. Qa4 Nf6 13. Rd1 Qc7 14. Bf4 Qb6 15. Nb5 cxb5 16. Bxb5+ Bd7 17. Bxd7+ Nxd7 18. Qxd7#
1-0

[Event "Fast and Furious iv"]
[Site "SchemingMind.com"]
[Date "2015.03.28"]
[Round "-"]
[White "AlwaysInTears"]
[Black "Scooter"]
[Result "1-0"]
[WhiteCountry "RSA"]
[BlackCountry "USA"]
[WhiteElo "1839"]
[WhiteRD "147"]
[BlackElo "1708"]
[BlackRD "44"]
[GameID "377365"]

1. e4 e5 2. f4 exf4 3. Nf3 g5 4. h4 g4 5. Ng5 f6 6. Qxg4 fxg5 7. Qh5+ Ke7 8. Nc3 Nf6 9. Qxg5 h6 10. Qe5+ Kf7
11. Bc4+ Kg7 12. Qxf4 Bd6 13. Qf3 Nc6 14. d3 Ne5 15. Qg3+ Neg4 16. Bf4 Bxf4 17. Qxf4 d6 18. h5 Qe7 19. O-O-O Be6 20. Nd5 Nxd5
21. exd5 Bd7 22. Rde1 Qg5 23. Qxg5+ hxg5 24. Re7+ Kf6 25. Rxd7
1-0

[Event "Fast and Furious iv"]
[Site "SchemingMind.com"]
[Date "2015.03.28"]
[Round "-"]
[White "kenneth m day"]
[Black "AlwaysInTears"]
[Result "0-1"]
[WhiteCountry "USA"]
[BlackCountry "RSA"]
[WhiteElo "1792"]
[WhiteRD "50"]
[BlackElo "1886"]
[BlackRD "85"]
[GameID "377366"]

1. e4 e5 2. f4 exf4 3. Nf3 Nf6 4. e5 Nh5 5. Be2 d5 6. O-O g5 7. d4 c5 8. Nc3 Nc6 9. Kh1 Ng7 10. dxc5 Be6
11. Bb5 Bxc5 12. a3 O-O 13. b4 Bb6 14. Bb2 g4 15. Ne1 Nh5 16. Be2 Qh4 17. Rf3 gxf3
0-1

[Event "Fast and Furious iv"]
[Site "SchemingMind.com"]
[Date "2015.03.28"]
[Round "-"]
[White "AlwaysInTears"]
[Black "kenneth m day"]
[Result "1-0"]
[WhiteCountry "RSA"]
[BlackCountry "USA"]
[WhiteElo "1886"]
[WhiteRD "85"]
[BlackElo "1792"]
[BlackRD "50"]
[GameID "377367"]

1. e4 e5 2. f4 exf4 3. Nf3 g5 4. h4 g4 5. Bc4 gxf3 6. Qxf3 Qf6 7. d3 Bc5 8. Nc3 Ne7 9. Bxf4 d6 10. O-O-O h6
11. e5 dxe5 12. Bxe5 Qxf3 13. gxf3 Rg8 14. d4 Bb6 15. Ne4 Nd7 16. Rhe1 Kf8 17. f4 Nf5 18. Rg1 Nxe5 19. Rxg8+ Kxg8 20. Nf6+ Kg7
21. dxe5 Be3+ 22. Kb1 Be6 23. Bxe6 fxe6 24. Rd7+ Kg6 25. h5#
1-0

[Event "Fast and Furious iv"]
[Site "SchemingMind.com"]
[Date "2015.03.28"]
[Round "-"]
[White "ray winteringham"]
[Black "AlwaysInTears"]
[Result "1-0"]
[WhiteCountry "ENG"]
[BlackCountry "RSA"]
[WhiteElo "1540"]
[WhiteRD "50"]
[BlackElo "1839"]
[BlackRD "147"]
[GameID "377368"]

1. e4 e5 2. f4 exf4 3. Nf3 Nf6 4. Bc4 d5 5. exd5 Nxd5 6. O-O c6 7. d3 g5 8. Nc3 Bg7 9. Re1+ Be6 10. Bd2 O-O
11. Nxg5 Qxg5 12. Ne4 Bd4+ 13. Kh1 Bg4 14. Nxg5 Bxd1 15. Raxd1 Ne3 16. Bxe3 fxe3 17. c3 Bb6 18. d4 h6 19. Ne4 Nd7 20. Rxe3 Kh7
21. Nd6 f5 22. Re7+
1-0

[Event "Fast and Furious iv"]
[Site "SchemingMind.com"]
[Date "2015.03.28"]
[Round "-"]
[White "AlwaysInTears"]
[Black "ray winteringham"]
[Result "1-0"]
[WhiteCountry "RSA"]
[BlackCountry "ENG"]
[WhiteElo "1839"]
[WhiteRD "147"]
[BlackElo "1540"]
[BlackRD "50"]
[GameID "377369"]

1. e4 e5 2. f4 exf4 3. Bc4 d6 4. Nf3 Bg4 5. d4 Be7 6. Nc3 Bh4+ 7. Kf1 g5 8. Qd3 Nc6 9. g3 fxg3 10. hxg3 Bxg3
11. Bxf7+ Kxf7 12. Nxg5+ Ke8 13. Qxg3 Qf6+ 14. Kg2 Qxg5 15. Bxg5
1-0

[Event "Fast and Furious iv"]
[Site "SchemingMind.com"]
[Date "2015.03.30"]
[Round "-"]
[White "fouche"]
[Black "Michael Christensen"]
[Result "0-1"]
[WhiteCountry "COL"]
[BlackCountry "GER"]
[WhiteElo "1545"]
[WhiteRD "60"]
[BlackElo "1691"]
[BlackRD "70"]
[GameID "377509"]

1. e4 e5 2. f4 exf4 3. Bc4 Qh4+ 4. Kf1 Bc5 5. d4 Bb6 6. Nf3 Qe7 7. Nc3 g5 8. h4 g4 9. Ne5 Nh6 10. Bxf4 Qf6
11. g3 d6 12. Nxf7 Nxf7 13. Kg2 Be6 14. e5 Qf5 15. Bd3 Qh5 16. Be4 d5 17. Bxd5 Bxd5+ 18. Nxd5 Nd7 19. Nxb6 Nxb6 20. b3 O-O-O
21. c4 Qg6 22. a4 Qe4+ 23. Kh2 Rxd4 24. Qxg4+ Kb8 25. Rhe1 Rd2+ 26. Kh3 Qg2#
0-1

[Event "Fast and Furious iv"]
[Site "SchemingMind.com"]
[Date "2015.03.30"]
[Round "-"]
[White "Michael Christensen"]
[Black "fouche"]
[Result "1-0"]
[WhiteCountry "GER"]
[BlackCountry "COL"]
[WhiteElo "1691"]
[WhiteRD "69"]
[BlackElo "1542"]
[BlackRD "62"]
[GameID "377510"]

1. e4 e5 2. f4 exf4 3. Nf3 d5 4. exd5 Bd6 5. Nc3 Bg4 6. Be2 Nf6 7. O-O O-O 8. d4 Bxf3 9. Rxf3 Nbd7 10. Bxf4 a6
11. Bd3 Nb6 12. Bg5 Be7 13. Rh3 h6 14. Bxf6 Bxf6 15. Qg4 Nxd5 16. Rxh6 c6 17. Bh7+ Kh8 18. Rh3 g5 19. Bg6+ Kg7 20. Qh5 Rh8
21. Qxh8+ Qxh8 22. Rxh8 Kxh8 23. Bxf7 Bxd4+ 24. Kh1 Bxc3 25. bxc3 Nxc3 26. Re1 Kg7 27. Re7 Kf6 28. Rxb7 Nd5 29. Bxd5 cxd5 30. c3 Ke5
31. Rb2 d4 32. cxd4+ Kxd4 33. Kg1 Ke3 34. h3 a5 35. Rb5 Kf4 36. Rd5 g4 37. h4 a4 38. h5 a3 39. h6 Rb8 40. h7 g3
41. Kf1 Rb1+ 42. Ke2 Rb2+ 43. Rd2 Rb8 44. Rd3 Rb2+ 45. Kd1 Rb1+ 46. Kc2 Rb2+ 47. Kc3 Rxg2 48. h8=Q Rh2 49. Qb8+ Kg4 50. Qxg3+
1-0

[Event "Fast and Furious iv"]
[Site "SchemingMind.com"]
[Date "2015.03.30"]
[Round "-"]
[White "fouche"]
[Black "David Hartley"]
[Result "0-1"]
[WhiteCountry "COL"]
[BlackCountry "ENG"]
[WhiteElo "1560"]
[WhiteRD "59"]
[BlackElo "1811"]
[BlackRD "61"]
[GameID "377511"]

1. e4 e5 2. f4 exf4 3. Bc4 Qh4+ 4. Kf1 d6 5. Nf3 Qf6 6. d4 Nc6 7. c3 g5 8. h4 h6 9. hxg5 hxg5 10. Rxh8 Qxh8
11. Kg1 f6 12. Nbd2 Bd7 13. Nf1 O-O-O 14. b4 Nge7 15. a4 f5 16. Nxg5 Qf6 17. Bxf4 fxe4 18. Qd2 Bh6 19. Ng3 d5 20. Be2 Rg8
21. N3xe4 dxe4 22. Nxe4 Qxf4 23. Qxf4 Bxf4 24. Nf6 Rh8 25. Nxd7 Kxd7 26. a5 Be3+
0-1

[Event "Fast and Furious iv"]
[Site "SchemingMind.com"]
[Date "2015.03.30"]
[Round "-"]
[White "David Hartley"]
[Black "fouche"]
[Result "1-0"]
[WhiteCountry "ENG"]
[BlackCountry "COL"]
[WhiteElo "1822"]
[WhiteRD "63"]
[BlackElo "1545"]
[BlackRD "60"]
[GameID "377512"]

1. e4 e5 2. f4 exf4 3. Nf3 d5 4. Qe2 dxe4 5. Qxe4+ Qe7 6. Nc3 Nf6 7. Qxe7+ Bxe7 8. d4 O-O 9. Bxf4 Bd6 10. Bxd6 cxd6
11. O-O-O Bg4 12. Be2 Nc6 13. h3 Bh5 14. g4 Bg6 15. Nh4 Be4 16. Rhe1 Rfe8 17. Bb5 h6 18. Nxe4 Nxe4 19. d5 a6 20. Bxc6 bxc6
21. dxc6 Rac8 22. Rd4 Rxc6 23. Rdxe4 Rxe4 24. Rxe4 Kf8 25. Nf3 d5 26. Re2 Rc4 27. Kd2 a5 28. Kd3 a4 29. Nd4 g6 30. c3 Kg7
31. Re5
1-0

[Event "Fast and Furious iv"]
[Site "SchemingMind.com"]
[Date "2015.03.30"]
[Round "-"]
[White "fouche"]
[Black "Phillip Beckett"]
[Result "1-0"]
[WhiteCountry "COL"]
[BlackCountry "ENG"]
[WhiteElo "1560"]
[WhiteRD "59"]
[BlackElo "1569"]
[BlackRD "46"]
[GameID "377513"]

1. e4 e5 2. f4 Qh4+ 3. g3 Qe7 4. Nf3 exf4 5. Nc3 d5 6. e5 c6 7. d4 fxg3 8. Bg5 f6 9. Bh4 g5 10. Bxg3 fxe5
11. Nxe5 Nd7 12. Qh5+ Kd8 13. O-O-O Nxe5 14. Bxe5 Nf6 15. Qxg5 Rg8 16. Qxf6 Qxf6 17. Bxf6+ Be7 18. Bxe7+ Kxe7 19. Bd3 Bg4 20. Rde1+ Kd7
21. Re3 h6 22. Rhe1 Rae8 23. Kd2 Rxe3 24. Rxe3 Be6 25. Re2 Rg1 26. Nd1 Rxd1+ 27. Kxd1 Bg4 28. Ke1 Bxe2 29. Kxe2 Ke6 30. Kf3 Kf6
31. h4
1-0

[Event "Fast and Furious iv"]
[Site "SchemingMind.com"]
[Date "2015.03.30"]
[Round "-"]
[White "Phillip Beckett"]
[Black "fouche"]
[Result "1-0"]
[WhiteCountry "ENG"]
[BlackCountry "COL"]
[WhiteElo "1569"]
[WhiteRD "46"]
[BlackElo "1560"]
[BlackRD "59"]
[GameID "377514"]

1. e4 e5 2. f4 exf4 3. Nf3 d5 4. exd5 Bd6 5. d4 Nf6 6. Bb5+ Bd7 7. Bxd7+ Nbxd7 8. O-O Nxd5 9. c4 Ne3 10. Bxe3 fxe3
11. Re1 Bf4 12. g3 Bg5 13. Nxg5 O-O 14. Qh5 Nf6 15. Qh4 h6 16. Ne4 Nxe4 17. Qxe4 Re8 18. Qd3 Qe7 19. Nd2 Qg5 20. Nf3 Qg4
21. Rxe3 Rxe3 22. Qxe3 Kf8 23. Re1 Rd8 24. Qe7+
1-0

[Event "Fast and Furious iv"]
[Site "SchemingMind.com"]
[Date "2015.03.31"]
[Round "-"]
[White "fouche"]
[Black "Scooter"]
[Result "0-1"]
[WhiteCountry "COL"]
[BlackCountry "USA"]
[WhiteElo "1560"]
[WhiteRD "59"]
[BlackElo "1713"]
[BlackRD "44"]
[GameID "377515"]

1. e4 e5 2. f4 exf4 3. Bc4 Qh4+ 4. Kf1 Bc5 5. d4 Bb6 6. Nf3 Qe7 7. Nc3 Nc6 8. Bxf4 d6 9. Qd2 Bg4 10. Re1 Bxf3
11. gxf3 Nxd4 12. Qg2 g6 13. Be3 O-O-O 14. Bxd4 Bxd4 15. Rd1 Bxc3 16. bxc3 Nf6 17. Kf2 Qe5 18. Rd3 Qc5+ 19. Rd4 d5 20. Bxd5 Nxd5
21. exd5 Rxd5 22. Rd1 Rxd4 23. Rxd4 Rd8 24. Qg4+ f5 25. Qf4 Rxd4 26. Qxd4 Qxd4+ 27. cxd4 Kd7 28. Ke3 Kd6 29. c4 a6 30. h4 c5
31. a4 h6 32. d5 b5 33. axb5 axb5 34. Kd3 bxc4+ 35. Kxc4 g5 36. h5 g4
0-1

[Event "Fast and Furious iv"]
[Site "SchemingMind.com"]
[Date "2015.03.31"]
[Round "-"]
[White "Scooter"]
[Black "fouche"]
[Result "1-0"]
[WhiteCountry "USA"]
[BlackCountry "COL"]
[WhiteElo "1713"]
[WhiteRD "44"]
[BlackElo "1560"]
[BlackRD "59"]
[GameID "377516"]

1. e4 e5 2. f4 exf4 3. Nf3 d5 4. exd5 Bd6 5. Nc3 Bg4 6. Be2 Nf6 7. d3 Nbd7 8. h3 Bh5 9. O-O Nb6 10. Qe1 O-O
11. Qh4 Nbxd5 12. Nxd5 Bxf3 13. Nxf6+ Qxf6 14. Qxf6 gxf6 15. Bxf3 c6 16. Re1 Rfe8 17. Bd2 Re6 18. Re4 Rae8 19. Rae1 Kg7 20. Bg4 Rxe4
21. Rxe4 Rxe4 22. dxe4 Kf8 23. Kf2 Kg7 24. Kf3 Kg6 25. Bxf4 Bc5 26. Be3
1-0

[Event "Fast and Furious iv"]
[Site "SchemingMind.com"]
[Date "2015.03.30"]
[Round "-"]
[White "fouche"]
[Black "kenneth m day"]
[Result "1-0"]
[WhiteCountry "COL"]
[BlackCountry "USA"]
[WhiteElo "1560"]
[WhiteRD "59"]
[BlackElo "1792"]
[BlackRD "50"]
[GameID "377517"]

1. e4 e5 2. f4 exf4 3. Bc4 Nc6 4. Nf3 g5 5. d4 g4 6. Bxf7+ Kxf7 7. Ne5+ Nxe5 8. dxe5 Bg7 9. Bxf4 Ne7 10. Qxg4 d6
11. Qh5+ Ng6 12. exd6 Qf6 13. O-O Qxb2 14. Be5+ Ke8 15. Bxb2 Bxb2 16. Nd2 Bxa1 17. Rxa1 Be6 18. dxc7 Rc8 19. Qb5+ Bd7 20. Qxb7 Rf8
21. Rb1 Rf6 22. Qxa7 Rc6 23. Rb7 Rxc2 24. Qa5 Ke7 25. Qg5+ Ke8 26. e5 R2xc7 27. Rxc7 Rxc7 28. Qf6 Rc2 29. Ne4 Rxa2 30. Nd6#
1-0

[Event "Fast and Furious iv"]
[Site "SchemingMind.com"]
[Date "2015.03.30"]
[Round "-"]
[White "kenneth m day"]
[Black "fouche"]
[Result "0-1"]
[WhiteCountry "USA"]
[BlackCountry "COL"]
[WhiteElo "1733"]
[WhiteRD "54"]
[BlackElo "1542"]
[BlackRD "62"]
[GameID "377518"]

1. e4 e5 2. f4 exf4 3. Nf3 d5 4. exd5 Bd6 5. Nc3 Nf6 6. Bb5+ Nbd7 7. Qe2+ Qe7 8. Qxe7+ Bxe7 9. d4 O-O 10. Bxf4 Bd6
11. Bg5 Re8+ 12. Kd2 a6 13. Ba4 b5 14. Bb3 Bb7 15. Rae1 Kf8 16. a3 Rxe1 17. Rxe1 Re8 18. h4 h6 19. Rxe8+ Kxe8 20. Be3 Nb6
21. Ne5 Nbxd5 22. Nxd5 Nxd5 23. c4 Nxe3 24. Kxe3 Bxe5 25. dxe5 Ke7 26. cxb5 axb5 27. g4 c5 28. Bc2 g6 29. Kf4 Ke6 30. b3 Bd5
31. a4 b4 32. g5 h5 33. Bd1 c4 34. bxc4 Bxc4 35. Bc2 b3 36. Be4 b2 37. Bb1 Kd5 38. a5 Kd4 39. Bc2 Kc3 40. Bb1 Kd2
41. Ke4 Kc1 42. Kd4 Ba6 43. Ba2 b1=Q 44. Bxb1 Kxb1 45. Kc5 Kc2 46. Kb6 Be2 47. a6 Kd2 48. a7 Bf3 49. Kc7 Ke3 50. Kb8 Kf4
51. a8=Q Bxa8 52. Kxa8 Kxe5 53. Kb7 Kf4 54. Kc6 Kg4
0-1

[Event "Fast and Furious iv"]
[Site "SchemingMind.com"]
[Date "2015.03.30"]
[Round "-"]
[White "fouche"]
[Black "ray winteringham"]
[Result "0-1"]
[WhiteCountry "COL"]
[BlackCountry "ENG"]
[WhiteElo "1560"]
[WhiteRD "59"]
[BlackElo "1535"]
[BlackRD "50"]
[GameID "377519"]

1. e4 e5 2. f4 exf4 3. Bc4 Qh4+ 4. Kf1 Bc5 5. d4 Bb6 6. Nf3 Qe7 7. Nc3 d6 8. Bxf4 Bg4 9. Qd2 Bxf3 10. gxf3 Nd7
11. Re1 O-O-O 12. Nd5 Qe8 13. b4 Ne7 14. a4 a6 15. Nxb6+ Nxb6 16. Bb3 Nxa4 17. c4 Nb6 18. Rg1 g6 19. c5 dxc5 20. bxc5 Nd7
21. Be3 Kb8 22. d5 c6 23. Kf2 cxd5 24. exd5 Qf8 25. Bf4+ Ka8 26. Qd4 Nf5 27. Qd2 Nxc5 28. Bc4 Rc8 29. d6 Qd8 30. Bxf7 Rc6
31. Bd5 Rb6 32. Rb1 Nxd6 33. Rxb6 Qxb6 34. Be3 Qb5 35. Bxc5 Qxc5+ 36. Kg2 Nf5 37. Be4 Nh4+ 38. Kh1 Re8 39. Ra1 Qe5 40. Rxa6+ Kb8
41. Qd6+ Qxd6 42. Rxd6 Rc8 43. Rd7 Rc1+
0-1

[Event "Fast and Furious iv"]
[Site "SchemingMind.com"]
[Date "2015.03.30"]
[Round "-"]
[White "ray winteringham"]
[Black "fouche"]
[Result "1-0"]
[WhiteCountry "ENG"]
[BlackCountry "COL"]
[WhiteElo "1535"]
[WhiteRD "50"]
[BlackElo "1560"]
[BlackRD "59"]
[GameID "377520"]

1. e4 e5 2. f4 exf4 3. Nf3 d5 4. Nc3 dxe4 5. Nxe4 Nf6 6. Bd3 Bd6 7. O-O Bg4 8. Qe1 O-O 9. h3 Bh5 10. Nxd6 Qxd6
11. b3 Nbd7 12. Bb2 Rfe8 13. Qc1 Rad8 14. Bc4 h6 15. a4 Ne4 16. Kh2 Ng3 17. Rf2 g5 18. d3 g4 19. hxg4 Bxg4 20. Nd4 Qe5
21. Bxf7+ Kxf7 22. Rxf4+ Nf6 23. Nc6 Qh5+ 24. Kxg3 bxc6 25. Bxf6 Kg8 26. Bxd8 Rxd8 27. Rxg4+ Kh7 28. Rh4 Rg8+ 29. Kh3 Qf5+ 30. Kh2 Qe5+
31. Kh1 Rg6 32. Qf1 Qg3 33. Rh3
1-0

[Event "Fast and Furious iv"]
[Site "SchemingMind.com"]
[Date "2015.03.30"]
[Round "-"]
[White "fouche"]
[Black "AlwaysInTears"]
[Result "1-0"]
[WhiteCountry "COL"]
[BlackCountry "RSA"]
[WhiteElo "1560"]
[WhiteRD "59"]
[BlackElo "1886"]
[BlackRD "85"]
[GameID "377521"]

1. e4 e5 2. f4 exf4 3. Bc4 d5 4. exd5 Qh4+ 5. Kf1 f3 6. Bb5+ c6 7. Nxf3 Qb4 8. Qe2+ Be7 9. dxc6 Nf6 10. cxb7+ Bd7
11. Bxd7+ Nbxd7 12. bxa8=Q+ Nb8 13. Qxa7 O-O 14. Nc3 Bc5 15. Qa4 Qb7 16. d4 Bd6 17. Be3 Qxb2 18. Qe1 Qb7 19. Rb1 Qc7 20. h3 Nbd7
21. Qb5 Rb8 22. Qf5 g6 23. Rxb8+ Qxb8 24. Bg5 Bg3 25. Qb1 gxf5 26. Qxb8+
1-0

[Event "Fast and Furious iv"]
[Site "SchemingMind.com"]
[Date "2015.03.30"]
[Round "-"]
[White "AlwaysInTears"]
[Black "fouche"]
[Result "1-0"]
[WhiteCountry "RSA"]
[BlackCountry "COL"]
[WhiteElo "1886"]
[WhiteRD "85"]
[BlackElo "1560"]
[BlackRD "59"]
[GameID "377522"]

1. e4 e5 2. f4 exf4 3. Nf3 d5 4. exd5 Bd6 5. d4 Bg4 6. Bb5+ Nd7 7. O-O Nf6 8. Re1+ Kf8 9. c4 b6 10. Nc3 a6
11. Bc6 Rb8 12. Qd3 g6 13. Ne5 Bf5 14. Qf3 Kg7 15. Bxf4 Re8 16. g4 Bxe5 17. dxe5 Nxg4 18. h3 Nh6 19. Qg3 Re7 20. Bg5 f6
21. exf6+ Nxf6 22. Re5 Rxe5 23. Qxe5 Nf7 24. Qd4 Qd6 25. Bf4 Qd8 26. h4 Nd6 27. Re1 Qf8 28. b4 Qf7 29. c5 bxc5 30. bxc5 Nb7
31. d6 cxd6 32. cxd6 Kg8 33. Nd5 Nxd6 34. Nxf6+
1-0

[Event "Fast and Furious iv"]
[Site "SchemingMind.com"]
[Date "2015.04.29"]
[Round "-"]
[White "fouche"]
[Black "Clive Everill"]
[Result "0-1"]
[WhiteCountry "COL"]
[BlackCountry "CZE"]
[WhiteElo "1545"]
[WhiteRD "60"]
[BlackElo "1665"]
[BlackRD "55"]
[GameID "379169"]

1. e4 e5 2. f4 exf4 3. Bc4 Ne7 4. Nf3 d5 5. exd5 Nxd5 6. O-O Be6 7. Nc3 Nxc3 8. Qe1 Nd5 9. Bxd5 Qxd5 10. d4 Bd6
11. Kh1 Nc6 12. c3 O-O-O 13. b4 h6 14. a4 g5 15. h3 g4 16. hxg4 Bxg4 17. Qh4 h5 18. a5 Rde8 19. Qf6 Rhg8 20. Bd2 Rg6
21. Qh4 Re2 22. Rad1 Bxf3 23. gxf3 Rgg2 24. Bxf4 Bxf4 25. Qxf4 Qe6 26. Qh4 Ne7 27. b5 Nf5
0-1

[Event "Fast and Furious iv"]
[Site "SchemingMind.com"]
[Date "2015.04.30"]
[Round "-"]
[White "Clive Everill"]
[Black "fouche"]
[Result "1-0"]
[WhiteCountry "CZE"]
[BlackCountry "COL"]
[WhiteElo "1674"]
[WhiteRD "56"]
[BlackElo "1542"]
[BlackRD "62"]
[GameID "379170"]

1. e4 e5 2. f4 exf4 3. Nf3 d5 4. exd5 Bd6 5. d4 Bg4 6. Bb5+ Nd7 7. O-O Ne7 8. c4 O-O 9. c5 Nxc5 10. dxc5 Bxc5+
11. Kh1 a6 12. Bc4 b5 13. Bb3 a5 14. a3 a4 15. Ba2 Bd6 16. Qd3 c5 17. dxc6 Nxc6 18. Nc3 Ne5 19. Nxe5 Bxe5 20. Qxb5 Bxc3
21. bxc3 Re8 22. Bxf4 Be2 23. Qf5 Bxf1 24. Qxf7+ Kh8 25. Rxf1 Re2 26. Bg3 h6 27. Bb1 Re7 28. Qg6 Qg8 29. Bd6 Re6 30. Qg3 Qd8
31. Bb4 Qb6 32. Qd3 g6 33. c4 Ra7 34. Ba2 Kh7 35. c5 Qa6 36. Bc4 Qc8 37. Bxe6 Qxe6 38. Qd6 Qe2 39. Qf6
1-0

[Event "Fast and Furious iv"]
[Site "SchemingMind.com"]
[Date "2015.05.04"]
[Round "-"]
[White "Michael Christensen"]
[Black "Clive Everill"]
[Result "0-1"]
[WhiteCountry "GER"]
[BlackCountry "CZE"]
[WhiteElo "1691"]
[WhiteRD "69"]
[BlackElo "1674"]
[BlackRD "56"]
[GameID "379171"]

1. e4 e5 2. f4 d5 3. exd5 exf4 4. Nf3 Nf6 5. Bc4 Nxd5 6. O-O Be6 7. Nd4 Bc5 8. c3 O-O 9. Kh1 Bxd4 10. cxd4 Nc6
11. Bxd5 Qxd5 12. Rxf4 Nxd4 13. Nc3 Qc5 14. d3 Nf5 15. Qf3 c6 16. Bd2 Rad8 17. Ne4 Qb5 18. Nf2 Qxb2 19. Re1 Qxd2
0-1

[Event "Fast and Furious iv"]
[Site "SchemingMind.com"]
[Date "2015.05.04"]
[Round "-"]
[White "Clive Everill"]
[Black "Michael Christensen"]
[Result "1-0"]
[WhiteCountry "CZE"]
[BlackCountry "GER"]
[WhiteElo "1723"]
[WhiteRD "57"]
[BlackElo "1697"]
[BlackRD "73"]
[GameID "379172"]

1. e4 e5 2. f4 exf4 3. Nf3 g5 4. h4 g4 5. Ne5 Nf6 6. d4 Bg7 7. Nc3 d6 8. Nc4 Nh5 9. Ne2 f3 10. gxf3 gxf3
11. Ng1 f2+ 12. Kxf2 Qf6+ 13. Nf3 Bg4 14. Be2 Nf4 15. Bxf4 Qxf4 16. Qd3 Nd7 17. Rag1 Bh6 18. Ne3 Bxf3 19. Bxf3 O-O-O 20. Rg4 Qxe3+
21. Qxe3 Bxe3+ 22. Kxe3 Rhg8 23. Rhg1 Nf6 24. Rxg8 Rxg8 25. Rxg8+ Nxg8 26. Bh5 f6 27. Kf4 Ne7 28. Kg4 Ng8 29. Kf5 Kd7 30. c4 Ke7
31. e5 fxe5 32. dxe5 dxe5 33. Kxe5 Nf6 34. Bf3 b6 35. b4 Nd7+ 36. Kd5 c5 37. b5 Nb8 38. Be4 h6 39. Ke5 a6 40. a4 a5
41. Kf5 Kf7 42. Bd5+ Kg7 43. h5 Nd7 44. Ke6 Nf8+ 45. Kd6 Kf6 46. Kc6 Kg5 47. Bf3 Nh7 48. Kxb6 Nf6 49. Kxc5 Nxh5 50. Bxh5 Kxh5
51. b6
1-0

[Event "Fast and Furious iv"]
[Site "SchemingMind.com"]
[Date "2015.04.29"]
[Round "-"]
[White "David Hartley"]
[Black "Clive Everill"]
[Result "1-0"]
[WhiteCountry "ENG"]
[BlackCountry "CZE"]
[WhiteElo "1822"]
[WhiteRD "63"]
[BlackElo "1665"]
[BlackRD "55"]
[GameID "379173"]

1. e4 e5 2. f4 exf4 3. Nf3 g5 4. h4 g4 5. Ne5 d6 6. Nxg4 Be7 7. d4 Bxh4+ 8. Nf2 Qg5 9. Qf3 Bg3 10. Be2 Nf6
11. Nc3 Bg4 12. Qd3 Bxe2 13. Qxe2 Nc6 14. d5 Nd4 15. Qd3 Qe5 16. Nb5 Nxb5 17. Qxb5+ Ke7 18. O-O Qh5 19. Nh3 Nxe4 20. Bxf4 Bxf4
21. Nxf4 Qh4 22. Rae1 f5 23. Qd3 Rhg8 24. Qh3 Qxh3 25. Nxh3 Kf6 26. Rxe4 Rg6 27. Ref4 Rag8 28. Rxf5+ Ke7 29. R1f2 c6 30. c4 c5
31. Rf7+ Ke8 32. Rxb7 Rg3 33. Rxa7 R8g6 34. Rxh7 R3g4 35. b3
1-0

[Event "Fast and Furious iv"]
[Site "SchemingMind.com"]
[Date "2015.04.29"]
[Round "-"]
[White "Clive Everill"]
[Black "David Hartley"]
[Result "0-1"]
[WhiteCountry "CZE"]
[BlackCountry "ENG"]
[WhiteElo "1674"]
[WhiteRD "56"]
[BlackElo "1795"]
[BlackRD "61"]
[GameID "379174"]

1. e4 e5 2. f4 exf4 3. Nf3 Be7 4. Bc4 Nf6 5. e5 Ng4 6. d4 d5 7. exd6 Bxd6 8. Qe2+ Qe7 9. Qxe7+ Kxe7 10. Nc3 Bf5
11. Bb3 Nd7 12. O-O Raf8 13. Nh4 Be6 14. d5 Bxd5 15. Nxd5+ Kd8 16. Bxf4 Bxf4 17. Nxf4 g5 18. Ne6+ fxe6 19. Nf3 h6 20. Bxe6 Ngf6
21. Rad1 Ke7 22. Bb3 c6 23. Nd4 Re8 24. Nf5+ Kf8 25. Rxd7 Nxd7 26. Nd6+ Ke7 27. Nxb7 Rhf8 28. Re1+ Kf6 29. Rf1+ Kg7 30. Rd1 Nb8
31. Nc5 Kh8 32. h3 Rf6 33. Nd7 Nxd7 34. Rxd7 a5 35. Ba4 Re5 36. a3 Rc5 37. b4 axb4 38. axb4 Rc4 39. Rb7 c5 40. Bb3 Rxb4
41. Rc7 Rb5 42. Rc8+ Kg7 43. Ba4 Ra5 44. Bb3 Kg6 45. Bc4 Kf5 46. Bd3+ Ke5 47. Re8+ Kd4 48. Re4+ Kc3 49. Rc4+ Kd2 50. Re4 Ra7
51. Re5 Rc7 52. Re2+ Kc3 53. Re8 Rcc6 54. Ra8 c4 55. Be4 Rc5 56. Ra3+ Kb2 57. Ra7 c3 58. Rb7+ Kc1 59. Ra7 Rd6 60. Ra1+ Kb2
61. Rf1 Rd4 62. Bg6 Rd2 63. Be4 Rxc2 64. Bxc2 Kxc2 65. Rf8 Kc1 66. Kf2 c2 67. Ke1 Kb2 68. Rb8+ Kc3
0-1

[Event "Fast and Furious iv"]
[Site "SchemingMind.com"]
[Date "2015.04.29"]
[Round "-"]
[White "Clive Everill"]
[Black "Phillip Beckett"]
[Result "0-1"]
[WhiteCountry "CZE"]
[BlackCountry "ENG"]
[WhiteElo "1665"]
[WhiteRD "55"]
[BlackElo "1608"]
[BlackRD "48"]
[GameID "379175"]

1. e4 e5 2. f4 Qh4+ 3. g3 Qe7 4. fxe5 d6 5. exd6 Qxe4+ 6. Qe2 Qxe2+ 7. Nxe2 Bxd6 8. Bg2 Nf6 9. O-O c6 10. d4 O-O
11. Bg5 Nbd7 12. c4 h6 13. Bd2 Bc7 14. a3 Nb6 15. b3 Bg4 16. Nec3 Rfe8 17. a4 Rad8 18. d5 cxd5 19. cxd5 Nfxd5 20. Nb5 Bb8
21. N1c3 a6 22. Na3 Nxc3 23. Bxc3 Nd5 24. Bd2 Nf6 25. Bf4 Ba7+ 26. Kh1 Nd5 27. Nc4 Nxf4 28. Rxf4 Bc8 29. Raf1 f6 30. Na5 Rd2
31. Bxb7 Ree2 32. Rh4 Bxb7+ 33. Nxb7 Rb2 34. b4 Be3 35. Nd6 Bg5 36. Rh3 Rxb4 37. Nf5 Rxa4 38. Nd6 Raa2 39. Nc4 Rac2 40. Nb6 Rb2
41. Nc4 Rbc2 42. Na3 Ra2 43. Nb1 Re6 44. Nc3 Ra3 45. Nd5 Rd6 46. Ne7+ Kf7 47. Nf5 Rd2 48. Nh4 Bxh4 49. Rxh4 Raa2 50. Rb1 Rdb2
51. Rxb2 Rxb2 52. Ra4 Rb6 53. Kg2 Ke7 54. Kf3 Re6 55. h4 Kd7 56. Kf4 g6 57. g4 Kc7 58. g5 hxg5+ 59. hxg5 fxg5+ 60. Kxg5 Kb6
61. Kh6 Kb5 62. Rg4 a5 63. Kg7 a4 64. Kf7 Ra6 65. Rg5+ Kb4 66. Rg4+ Kc5 67. Rg5+ Kd4 68. Rg4+ Ke5 69. Rg1 a3 70. Re1+ Kd4
0-1

[Event "Fast and Furious iv"]
[Site "SchemingMind.com"]
[Date "2015.04.29"]
[Round "-"]
[White "Phillip Beckett"]
[Black "Clive Everill"]
[Result "1-0"]
[WhiteCountry "ENG"]
[BlackCountry "CZE"]
[WhiteElo "1608"]
[WhiteRD "48"]
[BlackElo "1665"]
[BlackRD "55"]
[GameID "379176"]

1. e4 e5 2. f4 d5 3. exd5 c6 4. dxc6 Nxc6 5. Nf3 exf4 6. d4 Bd6 7. Bc4 Nge7 8. O-O h6 9. c3 Bg4 10. h3 Bh5
11. Be2 Qd7 12. Ne5 Bxe2 13. Qxe2 Nxe5 14. dxe5 Bc5+ 15. Kh1 Ng6 16. e6 fxe6 17. Bxf4 Nxf4 18. Rxf4 O-O-O 19. Rc4 Qd6 20. b4 b6
21. bxc5 bxc5 22. Qe3 Qd1+ 23. Qg1 Qxg1+ 24. Kxg1 Rd1+ 25. Kf2 Rf8+ 26. Ke2 Rd5 27. Nd2 Rfd8 28. Nb3 R8d6 29. Rxc5+ Rxc5 30. Nxc5 Kc7
31. Rd1 Rc6 32. Rd7+ Kb6 33. Na4+ Kb5 34. Rxa7 g5 35. Ra8 Rc4 36. Kd3 Rxa4 37. Rxa4 Kxa4 38. Ke4 Kb5 39. Ke5 h5 40. Kxe6 g4
41. hxg4 hxg4 42. Kf5
1-0

[Event "Fast and Furious iv"]
[Site "SchemingMind.com"]
[Date "2015.04.30"]
[Round "-"]
[White "Clive Everill"]
[Black "Scooter"]
[Result "1-0"]
[WhiteCountry "CZE"]
[BlackCountry "USA"]
[WhiteElo "1665"]
[WhiteRD "55"]
[BlackElo "1716"]
[BlackRD "45"]
[GameID "379177"]

1. e4 e5 2. f4 Nc6 3. Nf3 d6 4. Bc4 Be6 5. Bxe6 fxe6 6. fxe5 Nxe5 7. O-O Nxf3+ 8. Qxf3 Nf6 9. d4 Qd7 10. c4 O-O-O
11. Nc3 Be7 12. Be3 Rhf8 13. Qe2 Qc6 14. d5 exd5 15. cxd5 Qd7 16. Bxa7 b6 17. Qa6#
1-0